La última expansión española en América. /
Guardado en:
| Autor Principal: | |
|---|---|
| Formato: | Libro |
| Idioma: | Spanish |
| Publicado: |
Madrid :
Instituto de estudios políticos,
1957.
|
| Etiquetas: |
Agregar Etiqueta
Sin Etiquetas, Sea el primero en etiquetar este registro!
|
| LEADER | 00537nam a22001695a 4500 | ||
|---|---|---|---|
| 001 | EUN.um009082 | ||
| 003 | AR-BaUNS | ||
| 005 | 20050623122853.0 | ||
| 008 | 041125s1957####sp############000#0#spa#d | ||
| 245 | 1 | 3 | |a La última expansión española en América. / |c Mario Hernández Sánchez-Barba. |
| 260 | |a Madrid : |b Instituto de estudios políticos, |c 1957. | ||
| 300 | |a 324 p. | ||
| 100 | 1 | |a Hernández Sánchez-Barba, Mario. | |
| 082 | 0 | 4 | |a 325.346 |
| 082 | 0 | 4 | |a 972.102 |
| 082 | 0 | 4 | |a 946.05 |
| 859 | |a Ar-BaUNS |b BIB. CENTRAL - Sector C |h 325.346 |i H43 |p 46343/968 | ||
